LEADER 01724nam 2200445 450 001 9910716992303321 005 20211026111718.0 035 $a(CKB)5470000002526269 035 $a(OCoLC)1280408426 035 $a(EXLCZ)995470000002526269 100 $a20211026j201907 ua 0 101 0 $aeng 135 $aur||||||||||| 181 $ctxt$2rdacontent 182 $cc$2rdamedia 183 $acr$2rdacarrier 200 10$aCurved steel bridge research report $eI-girder bending component tests : philosophy and design of i-girder bending component tests 210 1$aWashington, DC :$cU.S. Department of Transportation, Federal Highway Administration,$dJuly 2019. 215 $a1 online resource (approximately 233 pages) $cillustrations 300 $a"Publication no. FHWA-HIF-19-064." 300 $a"July 2019." 300 $a"Author(s): Michael A. Grubb and Dann H. Hall"--Technical report documentation page. 517 $aCurved steel bridge research report 606 $aIron and steel bridges$xTesting 606 $aIron and steel bridges$xDesign and construction$xStandards$zUnited States 606 $aGirders$xTesting 606 $aHighway engineering$xSpecifications$zUnited States 615 0$aIron and steel bridges$xTesting. 615 0$aIron and steel bridges$xDesign and construction$xStandards 615 0$aGirders$xTesting. 615 0$aHighway engineering$xSpecifications 700 $aGrubb$b Michael A.$0122136 702 $aHall$b Dann H. 712 02$aUnited States.$bFederal Highway Administration, 801 0$bGPO 801 1$bGPO 906 $aBOOK 912 $a9910716992303321 996 $aCurved steel bridge research report$93469648 997 $aUNINA LEADER 01715nam 2200445Ia 450 001 9910697550403321 005 20090528143539.0 035 $a(CKB)5470000002389449 035 $a(OCoLC)355329791 035 $a(EXLCZ)995470000002389449 100 $a20090528d2007 ua 0 101 0 $aeng 135 $aurcn||||||||| 181 $ctxt$2rdacontent 182 $cc$2rdamedia 183 $acr$2rdacarrier 200 14$aThe collaborative advantage$b[electronic resource] $erealizing the tangible benefits of regional transportation operations collaboration : a reference manual /$f[Jocelyn Bauer, Michael Smith, and April Armstrong] 210 1$aWashington, D.C. :$cFederal Highway Administration, Office of Operations,$d2007. 215 $a51 pages $cdigital, PDF file 300 $aTitle from title screen (viewed on May 28, 2009). 300 $a"August 2007." 320 $aIncludes bibliographical references. 517 $aCollaborative advantage 606 $aInteragency coordination$zUnited States 606 $aIntergovernmental cooperation$zUnited States 606 $aTransportation agencies$zUnited States$xPlanning 615 0$aInteragency coordination 615 0$aIntergovernmental cooperation 615 0$aTransportation agencies$xPlanning. 700 $aBauer$b Jocelyn$01387596 701 $aSmith$b Michael$092043 701 $aArmstrong$b April$01420721 712 02$aUnited States.$bFederal Highway Administration.$bOffice of Operations. 712 02$aScience Applications International Corporation. 801 0$bGPO 801 1$bGPO 906 $aBOOK 912 $a9910697550403321 996 $aThe collaborative advantage$93539579 997 $aUNINA